=LDR 00000nam 2200000 4500 =001 INLIS000000000008861 =005 20130612100702 =008 ***********************************Ind** =035 ##$$0010-061300000008861 =041 ##$$a Ind =082 ##$$a 613 =090 ##$$a 613, Joy s =100 ##$$a Joyodobroto, R. Darmanto =245 ##$$a Seluk Beluk Pemeriksaan Kesehatan (General Medical Check Up), Bagaimana Menyingkapi Hasilnya, R.Darmanto Joyodibroto =260 ##$$a 2001 $b Jakarta =300 ##$$a x,121 hlm, ilus, 18 cm =650 ##$$a Kesehatan =850 ##$$a NBPNMAT